01859nam a2200349 i 4500001001000000003000900010005001700019007000300036008004100039040003000080041000700110082002500117100004700142245014700189264005400336300002700390336002700417337003300444338002800477590002600505650007900531650009400610650007500704910003800779942001400817952013400831952013400965952011901099952012501218952014901343999001701492000028938DO-SdBNP20251204073702.0ta110412s2004 dr r 000 0 spa d aDO-SdBNPbspacBNPHUerda asp a347.7293bS941di2221 aSubero Isa, Jorge A.,d1947-eautor97686310aDiscurso del presidente de la Suprema Corte de Justicia Dr. Subero Isa :bdía del poder judicial 7 de enero del 2004 /cJorge A. Isa Subero. aSanto Domingo :bSuprema Corte de Justicia,c2004 a46 páginas ;c22 cm. ardacontentbtexto2txt ardamediabsin mediación2n ardacarrierbvolumen2nc aInventariado, 2018/BT 4aPoder judicialzRepública DominicanavEnsayos, conferencias, etc.930708 0aAdministración de justicia zRepública DominicanavEnsayos, conferencias, etc910083 0aAdministración De Justicia PenalvEnsayos, conferencias, etc.988260 aValidado. Control de calidad. EMS 2ddccLBS1 001054708DSaGRbGRcHDd2011-04-12iLF1l0o347.7293 S941dip28938-30r2020-06-25te. 3w2020-06-25yLFDSZPréstamo en sala 001054708DSaGRbGRcHDd2013-05-07iLF1l0o347.7293 S941dip28938-40r2020-06-25te. 4w2020-06-25yLFDSZPréstamo en sala 0010718PDaPDbPDcHDd2011-04-12iLF1l0o347.7293 S941dip28938-10r2020-06-25w2020-06-25yLFPDZNo se presta 0010718PDaPDbPDcHDd2011-04-12iLF1l0o347.7293 S941dip28938-20r2020-06-25te. 2w2020-06-25yLFPDZNo se presta 00102ddc56708DSaBNPHUbBNPHUcCTd2025-08-06edonaciónl0oBNPHU DS 347.7293 S941dip2025-7823r2025-08-06te.5w2025-08-06yLBS1zCERTEV c28430d28430